Statistics for Most common Italian words (2/4)

Click here to take the quiz!

General Stats

  • This quiz has been taken 57 times
    (40 since last reset)
  • The average score is 91 of 328

Answer Stats

ItalianoEnglish% Correct
essereto be
96%
avere | disporreto have
92%
fareto do, to make
88%
andareto go
83%
direto say
83%
parlareto speak
83%
vedereto see
79%
finireto finish
75%
conoscere | sapereto know
75%
rimanere | stareto stay
75%
chiamareto call
71%
morireto die
71%
dareto give
71%
abitare | vivereto live
71%
ricordareto remember
71%
pensareto think
71%
capire | comprendereto understand
71%
aspettareto wait
71%
scrivereto write
71%
rispondereto answer, to reply
67%
arrivareto arrive
67%
credereto believe
67%
venireto come
67%
sentireto feel, to hear
67%
trovareto find
67%
lasciare | partireto leave
67%
aprireto open
67%
chiedere | domandareto ask
63%
chiudereto close
63%
entrareto come in, to enter
63%
passareto pass
63%
mettereto put
63%
leggereto read
63%
cantareto sing
63%
occorrere | prendereto take
63%
immaginareto imagine
58%
giocare | suonareto play
58%
correreto run
58%
costruireto build
54%
comprareto buy
54%
usareto use
54%
poterecan
50%
vestireto dress
50%
ascoltareto listen
50%
amareto love
50%
salvareto save
50%
dormireto sleep
50%
camminareto walk
50%
vincereto win
50%
divenire | diventareto become
46%
continuareto continue
46%
mangiareto eat
46%
seguireto follow
46%
uscireto go out
46%
tenereto keep
46%
perdereto lose
46%
studiareto study
46%
lavorareto work
46%
volerewant
46%
doveremust
42%
cominciareto begin
42%
portareto bring
42%
cambiareto change
42%
ridereto laugh
42%
guardareto look, to watch
42%
rendereto make (big, small..)
42%
preferireto prefer
42%
rimettere | ritornare | tornareto return
42%
servireto serve
42%
girare | rivolgere | volgere | voltareto turn
42%
abbandonareto abandon
38%
concludereto conclude
38%
convincereto convince
38%
piangereto cry
38%
decidereto decide
38%
dividereto divide
38%
esistereto exist
38%
intendere | udireto hear
38%
saltareto jump
38%
piacereto like
38%
limitareto limit
38%
sposareto marry
38%
offrireto offer
38%
parereto seem
38%
sembrareto seem, to look like
38%
vendereto sell
38%
celebrareto celebrate
33%
dimostrareto demonstrate
33%
scusareto excuse
33%
cadereto fall
33%
temereto fear
33%
aiutareto help
33%
interessareto interest
33%
invitareto invite
33%
incontrareto meet
33%
organizzareto organize
33%
produrreto produce
33%
accogliere | ricevereto receive
33%
risultareto result
33%
difendereto stick up for, to defend
33%
toccareto touch
33%
bisognareneed
29%
accompagnareto accompany
29%
annunciareto announce
29%
considerare | ritenereto consider
29%
creareto create
29%
descrivereto describe
29%
distinguereto distinguish
29%
guidareto drive
29%
volareto fly
29%
importareto import
29%
indicareto indicate
29%
mantenereto maintain
29%
significareto mean
29%
muovereto move
29%
osservareto observe
29%
offendereto offend
29%
possedereto possess
29%
ripetereto repeat
29%
resistereto resist
29%
mandareto send
29%
sorridereto smile
29%
arrestare | fermare | smettereto stop
29%
soffrireto suffer
29%
insegnareto teach
29%
raccontareto tell
29%
preoccupareto worry
29%
consentire | permettereto allow
25%
assistereto assist
25%
attaccareto attack
25%
evitareto avoid
25%
rompereto break
25%
dipendereto depend
25%
desiderareto desire
25%
fissareto fix
25%
formareto form
25%
liberareto free
25%
salutareto greet
25%
insistereto insist
25%
rappresentareto represent
25%
fumareto smoke
25%
iniziareto start
25%
riuscireto succeed
25%
sostenereto sustain
25%
provareto try
25%
svegliareto wake up
25%
accettareto accept
21%
apparire | figurareto appear
21%
nascereto be born
21%
contenereto contain
21%
tagliareto cut
21%
determinareto determine
21%
discutereto discuss
21%
sognareto dream
21%
ferireto hurt
21%
durareto last
21%
pagareto pay
21%
piantareto plant
21%
promettereto promise
21%
pubblicareto publish
21%
restareto remain
21%
riferire | riportareto report
21%
sorgereto rise
21%
cercareto search for
21%
ringraziareto thank
21%
accendereto turn on
21%
aggiungereto add
17%
battereto beat
17%
scegliereto choose
17%
confessareto confess
17%
contareto count
17%
distruggereto destroy
17%
dirigereto direct
17%
scoprireto discover
17%
godereto enjoy
17%
spiegareto explain
17%
esprimereto express
17%
estendereto extend
17%
innamorarsito fall in love
17%
accadere | capitare | succedereto happen
17%
ammazzare | uccidereto kill
17%
imparareto learn
17%
mancareto miss
17%
ottenereto obtain
17%
pregareto pray
17%
conservareto preserve
17%
riconoscereto recognize
17%
rivelareto reveal
17%
risolvereto solve
17%
sorprendereto surprise
17%
buttare | gettareto throw
17%
pesareto weigh
17%
preparareprepare
13%
ammettereto admit
13%
armareto arm
13%
bruciareto burn
13%
condurreto conduct
13%
costituireto constitute
13%
escludereto exclude
13%
dimenticareto forget
13%
salireto go up
13%
sperareto hope
13%
presentareto introduce
13%
giudicareto judge
13%
baciareto kiss
13%
procedereto proceed
13%
tirareto pull
13%
elevareto raise
13%
ridurreto reduce
13%
gridareto shout
13%
legareto tie
13%
avvertireto warn
13%
divertireto amuse
8%
appartenereto belong
8%
comporreto compose
8%
trattareto deal
8%
meritareto deserve
8%
trarreto draw
8%
stabilireto establish
8%
esporreto expose
8%
costringereto force
8%
fondareto found
8%
nascondereto hide
8%
colpireto hit
8%
opporreto oppose
8%
porre | posareto place
8%
impedireto prevent
8%
proporreto propose
8%
fornire | provvedereto provide
8%
spingereto push
8%
fuggire | scappareto run away
8%
appoggiareto support
8%
partecipareto take part
8%
tendereto tend
8%
valerebe worth
4%
scendereto alight
4%
avvicinareto approach
4%
tacereto be silent
4%
provocare | recareto cause
4%
raccogliereto collect
4%
riguardareto concern
4%
dichiarareto declare
4%
scomparireto disappear
4%
assicurareto ensure
4%
riunireto gather
4%
concedereto grant
4%
assumereto hire
4%
imporreto impose
4%
aumentareto increase
4%
scherzareto joke
4%
lanciareto launch
4%
sbagliareto make a mistake
4%
accorgersi | notareto notice
4%
avvenireto occur
4%
superareto overcome
4%
giungere | raggiungereto reach
4%
rientrareto re-enter
4%
rifiutareto reject
4%
allontanare | staccare | togliereto remove
4%
richiedereto request
4%
sedereto sit down
4%
bastareto suffice
4%
attraversarego across
0%
affermareto assert
0%
tentareto attempt
0%
scoppiareto burst
0%
trasformareto commute
0%
coprireto cover up
0%
dedicareto devote
0%
trascinareto drag
0%
bereto drinking
0%
mostrareto exhibit
0%
affrontareto face up to
0%
riempireto fill
0%
ritrovareto find again
0%
prevedereto forecast
0%
compiereto fulfill
0%
crescereto grow up
0%
levareto lift
0%
badareto look after
0%
segnareto mark
0%
unireto merge
0%
svolgereto perform
0%
avanzareto push forward
0%
alzareto raise up
0%
riprendereto resume
0%
rivedereto review
0%
scorrereto slide
0%
ordinareto sort
0%
diffondereto spread
0%
spegnereto switch off
0%
stringereto tighten
0%
attendereto wait for
0%

Score Distribution

Percentile by Number Answered

Percent of People with Each Score

Your Score History

You have not taken this quiz since the last reset